Statistics for European countries by Neighbouring population

Click here to take the quiz!

General Stats

  • This quiz has been taken 22 times
  • The average score is 24 of 41

Answer Stats

Population of
Neighbours
Country% Correct
1.616Russia
100%
302Poland
81%
232Ukraine
81%
232Belarus
75%
212France
75%
219Switzerland
75%
181Austria
69%
167Belgium
69%
167Germany
69%
126Bulgaria
63%
84Denmark
63%
161Finland
63%
68Ireland
63%
195Lithuania
63%
161Luxembourg
63%
47Portugal
63%
5United Kingdom
63%
112Andorra
56%
136Czechia
56%
148Estonia
56%
98Greece
56%
92Hungary
56%
85Italy
56%
159Latvia
56%
162Norway
56%
49Serbia
56%
11Sweden
56%
22Albania
50%
63Moldova
50%
65Monaco
50%
95Netherlands
50%
111Slovakia
50%
76Spain
50%
13Bosnia and Herzegovina
44%
19Montenegro
44%
29North Macedonia
44%
73Romania
44%
60San Marino / Vatican City
44%
83Slovenia
44%
24Croatia
38%
18Liechtenstein
38%

Score Distribution

Percentile by Number Answered

Percent of People with Each Score

Your Score History

You have not taken this quiz